000
00304nam a2200133 4500
020
_a
28530015551055
020
_a
28530015471054
020
_a
28530015631056
082
0
_a
220.5
245
1
2
_a
La sainte bible
260
_b
Alliance Biblique Universelle
_c
c.1970
300
_a
1693 p.
942
_2
ddc
_c
BK
999
_c
63993
_d
63967